Opéras français - Statistiques

Statistiques générales
  • Ce quiz a été pris 137 fois
  • Le résultat moyen est 10 sur 27
Statistiques - réponses
Compositeur Opéra % Correct
Georges Bizet Carmen
98%
Hector Berlioz La Damnation de Faust
68%
Charles Gounod Faust
66%
Léo Delibes Lakmé
57%
Jacques Offenbach Les Contes d'Hoffmann
57%
Jacques Offenbach Orphée aux enfers
55%
Claude Debussy Pelleas et Mélisande
51%
Jules Massenet Manon
50%
Jacques Offenbach La Vie parisienne
46%
Jacques Offenbach La Belle Hélène
44%
Charles Gounod Roméo et Juliette
43%
Georges Bizet Les Pêcheurs de perles
42%
Jules Massenet Werther
37%
Camille Saint-Saens Samson et Dalila
36%
Jules Massenet Thaïs
35%
Hector Berlioz Les Troyens
34%
Maurice Ravel L'Enfant et les sortilèges
32%
Fromental Halévy La Juive
24%
Ambroise Thomas Hamlet
23%
Maurice Ravel L'Heure espagnole
21%
Jules Massenet Cendrillon
20%
Jacques Offenbach La Grande-duchesse de Gérolstein
20%
Francis Poulenc Dialogues des carmélites
19%
Francis Poulenc La Voix humaine
18%
Jean-Philippe Rameau Platée
15%
Jules Massenet Don Quichotte
9%
Jacques Offenbach Barbe-Bleue
5%
Aucun quiz correspondant
Distribution des résultats
% des personnes avec chaque résultat
Percentile par nombre de réponses
Votre historique - résultats
Vous n’avez pas pris ce quiz